|
|
|
|
| LEADER |
00000cam a2200000 7i4500 |
| 001 |
0000021786 |
| 005 |
20080624.0 |
| 008 |
071205 |
| 020 |
|
|
|a 0072229241
|
| 040 |
|
|
|a INS
|
| 090 |
0 |
0 |
|a CD 338
|
| 100 |
1 |
|
|a Allen, Christopher
|
| 245 |
1 |
0 |
|a Oracle9i :
|b Introduction to relational databases and SQL programming
|c Christopher Allen, Simon Chatwin, Catherine Creary [
|h electronic resources]
|
| 260 |
|
|
|a Burr Ridge :
|b McGraw-Hill ,
|c 2004
|
| 300 |
|
|
|a 3 computer optical disc :
|b ill. ;
|c 4 3/4 in.
|
| 500 |
|
|
|a Includes index
|
| 650 |
0 |
0 |
|a PL/SQL (Computer program language)
|
| 700 |
1 |
|
|a Chatwin, Simon
|
| 700 |
1 |
|
|a Creary, Catherine
|
| 999 |
|
|
|a CD00000338
|b CD-ROM
|c Media Collection
|e Default branch
|